| 000 | 00955nam a2200253 a 4500 | ||
|---|---|---|---|
| 001 | 096550 | ||
| 003 | BD-ChCU | ||
| 005 | 20230204170434.0 | ||
| 008 | 2016s2017 abg b 002 ben | ||
| 020 | _a৯৭৮ ৯৮৪ ৭৭৬ ২২৭ ২ | ||
| 040 |
_aDLC _cDLC _dBD-ChCU |
||
| 082 | 0 | 0 | _a৮১৩.৮/রিজ৮সা |
| 100 | 1 |
_aরিজওয়ান, সুহান । _c |
|
| 245 | 0 | 0 |
_aসাক্ষী ছিলো শিরস্ত্রাণ _c _cসুহান রিজওয়ান |
| 246 | 0 | 0 |
_aSakhi chilo sirosran _c _cSuhan Rijwan |
| 250 | _aসং | ||
| 260 |
_aঢাকা _cঐতিহ্য _c২০১৬ |
||
| 300 | _a৪৪৭পৃ: | ||
| 504 | _aIncludes index and bibliography(P445-47). | ||
| 650 | 0 |
_aবাংলা গল্প - মুক্তিযুদ্ধ _cবাংলা গল্প |
|
| 650 | _aBangla Golpo - Muktijuddo | ||
| 700 | 1 | _a | |
| 942 |
_2ddc _cBK |
||
| 999 |
_c96550 _d96550 |
||